Statistics for OECD Countries with the most Single Parents

Click here to take the quiz!

General Stats

  • This quiz has been taken 34 times
  • The average score is 10 of 15

Answer Stats

Mothers% Fathers% Total% Single Parent Country % Correct
23427United States
100%
26228United Kingdom
93%
14519Sweden
93%
16319Canada
90%
19423France
87%
17219Germany
83%
23729Denmark
80%
16216Ireland
80%
17118Mexico
63%
16218Czech republic
57%
25227Lithuania
50%
23326Latvia
50%
22325Estonia
50%
18220Hungary
47%
16218Malta
20%

Score Distribution

Percentile by Number Answered

Percent of People with Each Score

Your Score History

You have not taken this quiz